Welcome to CU Library Online Public Access Catalogue (OPAC)

The IEBM dictionary of business and management / (Record no. 5509)

MARC details
000 -LEADER
fixed length control field 00834cam a2200229 a 4500
001 - CONTROL NUMBER
control field 4997337
005 - DATE AND TIME OF LATEST TRANSACTION
control field 20250423105256.0
008 - FIXED-LENGTH DATA ELEMENTS--GENERAL INFORMATION
fixed length control field 981113t19981999enk d 000 0 eng c
020 ## - INTERNATIONAL STANDARD BOOK NUMBER
International Standard Book Number 1861522185
050 00 - LIBRARY OF CONGRESS CALL NUMBER
Classification number HD30.15
Item number .I37 1999
082 00 - DEWEY DECIMAL CLASSIFICATION NUMBER
Classification number 650/.03
Edition information 21
245 04 - TITLE STATEMENT
Title The IEBM dictionary of business and management /
Statement of responsibility, etc. edited by Morgen Witzel.
250 ## - EDITION STATEMENT
Edition statement 1st ed.
260 ## - PUBLICATION, DISTRIBUTION, ETC.
Place of publication, distribution, etc. London ;
-- Boston :
Name of publisher, distributor, etc. International Thomson Business Press,
Date of publication, distribution, etc. c1999.
300 ## - PHYSICAL DESCRIPTION
Extent vi, 329 p. ;
Dimensions 21 cm.
440 #0 - SERIES STATEMENT/ADDED ENTRY--TITLE
Title IEBM handbook series
500 ## - GENERAL NOTE
General note "An offshoot of the International encyclopedia of business and management (ITBP, 1996) ... (p. v)," which can be used with the 6 vol. set or as a separate work.
650 #0 - SUBJECT ADDED ENTRY--TOPICAL TERM
Topical term or geographic name entry element Management
General subdivision Dictionaries.
650 #0 - SUBJECT ADDED ENTRY--TOPICAL TERM
Topical term or geographic name entry element Business
General subdivision Dictionaries.
700 1# - ADDED ENTRY--PERSONAL NAME
Personal name Witzel, Morgen.
942 ## - ADDED ENTRY ELEMENTS (KOHA)
Source of classification or shelving scheme Library of Congress Classification
Koha item type Books
Suppress in OPAC No
999 ## -
-- 5509
-- 5509
Holdings
Withdrawn status Lost status Source of classification or shelving scheme Damaged status Not for loan Collection Home library Current library Shelving location Date acquired Total checkouts Full call number Barcode Date last seen Copy number Price effective from Koha item type
    Library of Congress Classification     Reference Undergraduate Library (Christ Temple) Undergraduate Library (Christ Temple) General stacks 04/23/2025   REF HD30.15.I37 DIC ulct00002140 04/23/2025 1 04/23/2025 Books
© 2023-2024 Copyright: Central University Libraries. All Rights Reserved | Created by: Mahone Tech Office